El doctor Arrowsmith : la novela del médico /

Сохранить в:
Библиографические подробности
Главный автор: Lewis, Sinclair (autor)
Формат:
Язык:испанский
Опубликовано: Buenos Aires, Argentina : Santiago Rueda, 1941, c1941
Серии:(Novelistas Nuevos)
Предметы:
Метки: Добавить метку
Нет меток, Требуется 1-ая метка записи!

MARC

LEADER 00000nam^a2200000^a^4500
001 000321100
005 20250521000000.0
009 20260310113531.352
037 |a Acervo Xavier Clavigero 
041 |a ESP 
082 |a 813.  |b LEW 
100 |a Lewis, Sinclair  |e (autor) 
240 1 4 |a [El doctor Arrowsmith] 
245 1 3 |a El doctor Arrowsmith :  |b la novela del médico /  |c S. Lewis ; tr. por Carlos de Onís. 
264 4 |a Buenos Aires, Argentina :  |b Santiago Rueda,  |c 1941, c1941 
300 |a 452 p. 
336 |a texto  |b txt  |2 rdacontenido 
337 |a sin mediación  |b n  |2 rdamedio 
338 |a volumen  |b nc  |2 rdasoporte 
440 1 |a (Novelistas Nuevos) 
500 |a Traducción de: Arrowsmith 
545 0 |a Sinclair Lewis (Sauk Centre, Minnesota, 1885 – Roma, 1951), primer autor norteamericano galardonado con el premio Nobel de Literatura (1930). Tras graduarse en Yale y trabajar en los ámbitos editorial y periodístico, Lewis alcanzó su primer éxito literario con Calle mayor (1920), una novela que definió el contexto sociológico de su narrativa, la burguesía del medio oeste norteamericano. A ella siguieron Babbitt (1922), un retrato del americano promedio, y El doctor Arrowsmith (1925), novela relativa a las desilusiones y compromisos de un médico idealista, galardonada al año siguiente con el Premio Pulitzer, rechazado por el autor. Elmer Gantry (1927), una mirada al fanatismo religioso, y El hombre que conoció a Coolidge (1928), sátira del hombre de negocios norteamericano completaron la mejor etapa de su obra. Entre los títulos de la fase posterior a la recepción del Nobel, mucho menos fructífera que sus creaciones de la década de 1920, pueden citarse Ann Vickers (1933), Eso no puede pasar aquí (1935), especulación sobre la posibilidad de que el fascismo triunfara en Estados Unidos, y El buscador de Dios (1949). 
586 |a Premio Pulitzer 1926, categoría Ficción (rechazado por el autor) 
586 |a Premio Nobel de Literatura 1930 
649 |a XX 
650 |a Médicos en la Literatura 
650 |a Novela Norteamericana 
650 |a Literatura Norteamericana -  |y Siglo XX 
650 |a Medicina -  |x Prácticas Profesionales 
910 |a Fondo General 
920 |a Impresos - Libros 
930 |a Colección General 
940 |a Literatura 
905 |a 101 
901 |a 056243  |b IT1  |c LIT  |u 20250521 
902 |a https://opac.biblio.iteso.mx/vufind/Record/000321100